| 000 | 01036nam a2200277Ia 4500 | ||
|---|---|---|---|
| 003 | OSt | ||
| 005 | 20221005103751.0 | ||
| 006 | a|||||r|||| 00| 0 | ||
| 007 | ta | ||
| 008 | 221004b |||||||| |||| 00| 0 hin d | ||
| 020 |
_a9788189982423 (hbk) _cIndian Rupees 400 |
||
| 024 | _a43939 | ||
| 037 |
_bGift, 30/05/2019, _cTextual |
||
| 040 |
_aCRL _cCRL _bhin |
||
| 041 |
_2hin _ahin |
||
| 082 | _a4:(P:795), 152Q2 | ||
| 100 | _aतिवारी, भोलानाथ, ले. | ||
| 245 | 0 | _aपत्रकारिता में अनुवाद की समस्याएॅं | |
| 246 | _aPatrakāritā mean anuvād kī samasyāeॅan | ||
| 260 |
_aदिल्ली _bआर्य प्रकाशन मंडल भारत _c2012 |
||
| 300 |
_a210पृ0 _ccm. |
||
| 650 | _a अनुवाद | ||
| 650 | _aपत्रकारिता | ||
| 942 |
_h4:(P:795), 152Q2 _cTEXL _2cc |
||
| 999 |
_c1010844 _d1010844 |
||